عرض عادي
عرض مارك
- Chuvakin, Anton.
مدخل إسم شخص
001 - رقم الضبط
- حقل الضبط: 41481
003 - معرف رقم الضبط
- حقل الضبط: OSt
005 - تاريخ ووقت أخر عملية
- حقل الضبط: 20140106181436.0
008 - عناصر بيانات ثابتة الطول
- حقل تحكم ثابت الطول: 140106|||a|||||| | ||| d
040 ## - مصدر الفهرسة
- هيئة الفهرسة الأصلية: OSt
- وكالة الكتابة: OSt
100 ## - مدخل -- أسم شخص
- إسم شخص: Chuvakin, Anton.
670 ## - بيانات المصدر موجوده
- الاستشهاد بالمصدر: Work cat.: (OSt)0: Chuvakin, Anton., Logging and log management :
